[Event "Mittelrhein Verbandsliga-M 15/16"]
[Site "Nordrheinwestfalen"]
[Date "2016.01.31"]
[Round "7.2"]
[White "Schmitz, Andreas Arnold"]
[Black "Noeh, Helge"]
[Result "1-0"]
[WhiteElo "2059"]
[BlackElo "1709"]
[PlyCount "31"]
[EventDate "2015.09.06"]
[EventType "team-tourn"]
[EventRounds "11"]
[EventCountry "GER"]
[SourceTitle "EXT 2022"]
[Source "ChessBase"]
[SourceDate "2021.10.06"]
[SourceVersion "1"]
[SourceVersionDate "2021.10.06"]
[SourceQuality "1"]
[WhiteTeam "Eikamp Freibauer"]
[BlackTeam "Schlebusch SF"]
[WhiteTeamCountry "GER"]
[BlackTeamCountry "GER"]

1. e4 c5 2. c3 d5 3. exd5 Qxd5 4. d4 e5 5. dxe5 Qxe5+ 6. Be3 Nf6 7. Nf3 Qc7 8. Bc4 Be7 9. Qb3 0-0 10. Ng5 Bd6 11. Na3 a6 12. 0-0-0 b5 13. Bxf7+ Kh8 14. Bd5 c4 15. Qc2 Nxd5 16. Qxh7# 1-0